000 00317nam a2200133Ia 4500
008 191201s2019 xx 000 0 und d
082 _a677.02825
_bPRT
100 _aPRAYAG, R S
245 0 _aTextile Finishing
260 _aN.Delhi
_bAbhishek Publications
300 _a152
650 _aB.Tech(TE)
942 _2ddc
_cBK
999 _c2263
_d2263